[Event "Madrid ch Superveteranos 2023-2024"]
[Site "Madrid ESP"]
[Date "2024.05.13"]
[Round "1.21"]
[White "Hurtado Garrido, Reyes"]
[Black "Infante Martin, Alonso"]
[Result "1-0"]
[WhiteElo "1785"]
[BlackElo "1620"]
[PlyCount "87"]
[EventDate "2024.05.13"]
[EventType "swiss"]
[EventRounds "7"]
[EventCountry "ESP"]
[SourceTitle "Ajedrez en Madrid"]
[Source "lmi"]
[SourceDate "2024.05.13"]
[SourceVersion "1"]
[SourceVersionDate "2024.05.25"]
[SourceQuality "1"]

1. d4 Nf6 2. Bf4 d6 3. e3 Nbd7 4. Nf3 c6 5. c4 Qc7 6. h3 h6 7. Nc3 e6 8. Rc1
Be7 9. Be2 O-O 10. O-O Re8 11. c5 e5 12. cxd6 Bxd6 13. Nb5 Qb8 14. Nxd6 exf4
15. Nxe8 Nxe8 16. exf4 Qxf4 17. Qd2 Qd6 18. Rfe1 Ndf6 19. Bc4 Bd7 20. Qe3 Nc7
21. Ne5 Be6 22. Bxe6 Nxe6 23. Nf3 Re8 24. Qb3 b6 25. Qc4 Rc8 26. a4 c5 27. b4
Nd7 28. dxc5 bxc5 29. Rcd1 Qe7 30. a5 Rb8 31. b5 Rb7 32. Re3 a6 33. b6 g6 34.
Qd5 Ndf8 35. Ne5 Nf4 36. Qc4 Qg5 37. g3 Nxh3+ 38. Kg2 Qf5 39. Nf3 Ng5 40. Nxg5
Qxg5 41. Qd5 Qxd5+ 42. Rxd5 Ne6 43. Rxe6 fxe6 44. Rxc5 1-0

[Event "Madrid ch Superveteranos 2023-2024"]
[Site "Madrid ESP"]
[Date "2024.05.13"]
[Round "1.22"]
[White "Garcia Marin, Blas"]
[Black "Martinez De La Puente, Ignacio"]
[Result "0-1"]
[WhiteElo "1612"]
[BlackElo "1778"]
[PlyCount "62"]
[EventDate "2024.05.13"]
[EventType "swiss"]
[EventRounds "7"]
[EventCountry "ESP"]
[SourceTitle "Ajedrez en Madrid"]
[Source "lmi"]
[SourceDate "2024.05.13"]
[SourceVersion "1"]
[SourceVersionDate "2024.05.25"]
[SourceQuality "1"]

1. e4 e6 2. d4 d5 3. exd5 exd5 4. Nf3 Nf6 5. Nc3 Bd6 6. h3 O-O 7. Be2 c6 8. Be3
Be6 9. Qd2 a5 10. a3 Qc7 11. Ng5 Re8 12. Nxe6 Rxe6 13. O-O-O b5 14. Na2 Ne4 15.
Qd3 Na6 16. Bg4 Ree8 17. h4 a4 18. f3 Ng3 19. Rh3 Rxe3 20. Qxe3 Bf4 21. Qxf4
Qxf4+ 22. Kb1 f5 23. Rxg3 Qxg3 24. Bxf5 Qxg2 25. Bg4 Qf2 26. Nc3 b4 27. Nxa4
bxa3 28. bxa3 Rb8+ 29. Nb2 Qe2 30. Rd3 c5 31. Be6+ Qxe6 0-1

[Event "Madrid ch Superveteranos 2023-2024"]
[Site "Madrid ESP"]
[Date "2024.05.13"]
[Round "1.23"]
[White "Garcia Esteban, Ignacio"]
[Black "Benito Mellado, Humberto"]
[Result "1-0"]
[WhiteElo "1772"]
[BlackElo "1608"]
[PlyCount "93"]
[EventDate "2024.05.13"]
[EventType "swiss"]
[EventRounds "7"]
[EventCountry "ESP"]
[SourceTitle "Ajedrez en Madrid"]
[Source "lmi"]
[SourceDate "2024.05.13"]
[SourceVersion "1"]
[SourceVersionDate "2024.05.25"]
[SourceQuality "1"]

1. e4 c5 2. Nf3 d6 3. Nc3 Nf6 4. h3 Nc6 5. Bc4 Bd7 6. O-O e6 7. d4 cxd4 8. Nxd4
Nxd4 9. Qxd4 Be7 10. Bg5 Bc6 11. Rfe1 O-O 12. Rad1 Qa5 13. Bd2 Qd8 14. Bg5 Ne8
15. Bxe7 Qxe7 16. Bb3 a6 17. Nd5 Bxd5 18. exd5 e5 19. Qb4 Nf6 20. c3 Rac8 21.
Qh4 Rc5 22. c4 Rfc8 23. g4 Kh8 24. g5 Nd7 25. Bc2 g6 26. b3 b5 27. f4 bxc4 28.
b4 Rb5 29. a3 Nb6 30. f5 Rg8 31. fxg6 fxg6 32. Be4 Qa7 33. Qf2 Qe7 34. Qe3 a5
35. bxa5 Rb3 36. Qc1 Na4 37. Bg2 Qa7+ 38. Kh2 c3 39. Qc2 Rxa3 40. Ra1 Qc5 41.
Rxa3 Qxa3 42. Qf2 Re8 43. Qf6+ Kg8 44. Rf1 Rb8 45. Qe6+ Kh8 46. Qe7 Qb4 47.
Rf8+ 1-0

[Event "Madrid ch Superveteranos 2023-2024"]
[Site "Madrid ESP"]
[Date "2024.05.13"]
[Round "1.24"]
[White "Vasquez Escobar, Andres Eloy"]
[Black "Marcos Medina, Alejandro"]
[Result "0-1"]
[WhiteElo "1600"]
[BlackElo "1766"]
[PlyCount "74"]
[EventDate "2024.05.13"]
[EventType "swiss"]
[EventRounds "7"]
[EventCountry "ESP"]
[SourceTitle "Ajedrez en Madrid"]
[Source "lmi"]
[SourceDate "2024.05.13"]
[SourceVersion "1"]
[SourceVersionDate "2024.05.25"]
[SourceQuality "1"]

1. d4 d5 2. c4 e6 3. Bf4 Bd6 4. Bxd6 Qxd6 5. c5 Qd8 6. Nf3 Nf6 7. e3 Nbd7 8.
Be2 O-O 9. O-O Ne4 10. Nbd2 Ndf6 11. h3 c6 12. Qc2 Qc7 13. Bd3 Nxd2 14. Nxd2 e5
15. dxe5 Qxe5 16. Nf3 Qe7 17. Rac1 Ne4 18. b4 Re8 19. a4 f5 20. Qb2 g5 21. Nd2
h5 22. Nxe4 fxe4 23. Be2 g4 24. hxg4 Bxg4 25. g3 Bf3 26. Kh2 Rf8 27. Rg1 Rf7
28. Bf1 Raf8 29. Bh3 Bg4 30. Rcf1 Qe6 31. Bg2 Rf5 32. b5 Qf7 33. f4 exf3 34.
Bh1 Qf6 35. Qf2 Qe5 36. Re1 h4 37. Rgf1 hxg3+ 0-1

[Event "Madrid ch Superveteranos 2023-2024"]
[Site "Madrid ESP"]
[Date "2024.05.13"]
[Round "1.25"]
[White "Minguela Munoz, Bienvenido"]
[Black "Siddiqie, Kausar Iqbal"]
[Result "1/2-1/2"]
[WhiteElo "1765"]
[BlackElo "1596"]
[PlyCount "102"]
[EventDate "2024.05.13"]
[EventType "swiss"]
[EventRounds "7"]
[EventCountry "ESP"]
[SourceTitle "Ajedrez en Madrid"]
[Source "lmi"]
[SourceDate "2024.05.13"]
[SourceVersion "1"]
[SourceVersionDate "2024.05.25"]
[SourceQuality "1"]

1. d4 Nf6 2. c4 e6 3. Bg5 Bb4+ 4. Nc3 d5 5. e3 O-O 6. Nf3 h6 7. Bh4 g5 8. Bg3
Ne4 9. Rc1 c5 10. Bd3 cxd4 11. exd4 f5 12. Bxb8 Rxb8 13. Qa4 a5 14. O-O Bd7 15.
Qc2 Bxc3 16. bxc3 a4 17. Ne5 Be8 18. cxd5 Qxd5 19. f3 Nf6 20. Qf2 a3 21. h4 Nh5
22. hxg5 hxg5 23. Bc4 Qd6 24. Rfe1 Kg7 25. Qe3 f4 26. Qe4 Ng3 27. Qd3 b5 28.
Bb3 Rh8 29. c4 Rd8 30. Rcd1 Rh1+ 31. Kf2 Rxe1 32. Kxe1 Qb4+ 33. Kf2 Nf5 34. d5
Qc5+ 35. Ke1 Qg1+ 36. Kd2 Qxg2+ 37. Qe2 Qg3 38. Ng4 Ne3 39. Nxe3 fxe3+ 40. Qxe3
Qh2+ 41. Qe2 Qxe2+ 42. Kxe2 bxc4 43. Bxc4 exd5 44. Bxd5 Bb5+ 45. Ke1 Re8+ 46.
Be4 g4 47. Kf2 gxf3 48. Bxf3 Rf8 49. Rg1+ Kf6 50. Rc1 Rd8 51. Rc2 Be8 1/2-1/2

[Event "Madrid ch Superveteranos 2023-2024"]
[Site "Madrid ESP"]
[Date "2024.05.13"]
[Round "1.26"]
[White "Perales Hernandez, Manuel"]
[Black "Perez Pascual, Arturo"]
[Result "0-1"]
[WhiteElo "1588"]
[BlackElo "1756"]
[PlyCount "94"]
[EventDate "2024.05.13"]
[EventType "swiss"]
[EventRounds "7"]
[EventCountry "ESP"]
[SourceTitle "Ajedrez en Madrid"]
[Source "lmi"]
[SourceDate "2024.05.13"]
[SourceVersion "1"]
[SourceVersionDate "2024.05.25"]
[SourceQuality "1"]

1. e4 e5 2. d4 exd4 3. f4 Bb4+ 4. c3 dxc3 5. Nxc3 Nf6 6. e5 Qe7 7. Qe2 Nd5 8.
Qf3 Qc5 9. Nge2 Nc6 10. a3 Bxc3+ 11. bxc3 Na5 12. Bb2 Nc4 13. Rb1 Nde3 14. Nd4
Nxf1 15. Qxf1 Nxb2 16. Qf3 Nc4 17. a4 a6 18. Qg3 O-O 19. Nf5 g6 20. h4 Kh8 21.
Nd4 Qd5 22. Qf3 Qxf3 23. Nxf3 d6 24. h5 Kg7 25. hxg6 fxg6 26. Ng5 h6 27. Nf3
Rxf4 28. Kf2 dxe5 29. Kg3 g5 30. Rh2 Nd6 31. Kf2 e4 32. Rbh1 Nf7 33. Ke3 exf3
34. gxf3 Bd7 35. a5 Bc6 36. Rh3 Re8+ 37. Kf2 g4 38. Rg1 Rxf3+ 39. Rxf3 Bxf3 40.
Rb1 Re2+ 41. Kg3 Nd6 42. Rb4 c5 43. Rb6 Rd2 44. Kf4 Kf6 45. Ke3 Re2+ 46. Kd3
Ke5 47. Rb4 c4+ 0-1

[Event "Madrid ch Superveteranos 2023-2024"]
[Site "Madrid ESP"]
[Date "2024.05.13"]
[Round "1.27"]
[White "Olmedo Camacho, Jose"]
[Black "Lopez Manso, Jeronimo"]
[Result "1-0"]
[WhiteElo "1750"]
[BlackElo "1564"]
[PlyCount "71"]
[EventDate "2024.05.13"]
[EventType "swiss"]
[EventRounds "7"]
[EventCountry "ESP"]
[SourceTitle "Ajedrez en Madrid"]
[Source "lmi"]
[SourceDate "2024.05.13"]
[SourceVersion "1"]
[SourceVersionDate "2024.05.25"]
[SourceQuality "1"]

1. e4 Nf6 2. Nc3 d5 3. d4 dxe4 4. Bc4 e6 5. Bg5 Be7 6. Nge2 O-O 7. Qd2 Nbd7 8.
Rd1 Nb6 9. Bb3 a5 10. a3 c6 11. Ng3 h6 12. Bxf6 Bxf6 13. Ncxe4 Nd5 14. c4 Nc7
15. Qe3 Bh4 16. Ne2 f5 17. Nc5 Bg5 18. f4 Bf6 19. O-O b6 20. Na4 Na6 21. Rfe1
Qc7 22. d5 cxd5 23. cxd5 b5 24. d6 Qa7 25. Qxa7 Rxa7 26. Nb6 Nc5 27. d7 Rxd7
28. Nxd7 Bxd7 29. Rxd7 Kh8 30. Bxe6 Nxe6 31. Nc3 Nxf4 32. Nxb5 Bxb2 33. Ra7 Rd8
34. Rxa5 Rd5 35. a4 Bc3 36. Ra8+ 1-0

[Event "Madrid ch Superveteranos 2023-2024"]
[Site "Madrid ESP"]
[Date "2024.05.14"]
[Round "2.1"]
[White "Hernandez Gutierrez, Jose"]
[Black "Barraza Caracuel, Ignacio"]
[Result "0-1"]
[WhiteElo "1805"]
[BlackElo "2046"]
[PlyCount "66"]
[EventDate "2024.05.13"]
[EventType "swiss"]
[EventRounds "7"]
[EventCountry "ESP"]
[SourceTitle "Ajedrez en Madrid"]
[Source "lmi"]
[SourceDate "2024.05.13"]
[SourceVersion "1"]
[SourceVersionDate "2024.05.25"]
[SourceQuality "1"]

1. d4 Nf6 2. Bf4 d5 3. e3 e6 4. Nd2 Bd6 5. Ngf3 Bxf4 6. exf4 c5 7. dxc5 Qc7 8.
g3 Qxc5 9. c3 Nc6 10. Bd3 O-O 11. Nb3 Qe7 12. Ne5 Bd7 13. O-O Rfd8 14. Re1 Rac8
15. g4 Nxe5 16. fxe5 Ne4 17. Bxe4 dxe4 18. Rxe4 Bc6 19. Rd4 Rxd4 20. Nxd4 Bd5
21. Qd2 Qh4 22. Qf4 h5 23. f3 hxg4 24. Qxg4 Qh6 25. f4 Qh7 26. f5 Qh6 27. Qg3
Qd2 28. f6 g6 29. Qf2 Qg5+ 30. Qg3 Qh5 31. h3 Qh6 32. Rf1 Qd2 33. Qf4 Qg2# 0-1

[Event "Madrid ch Superveteranos 2023-2024"]
[Site "Madrid ESP"]
[Date "2024.05.14"]
[Round "2.2"]
[White "Cabanas Bravo, Juan Andres"]
[Black "Hurtado Garrido, Reyes"]
[Result "1-0"]
[WhiteElo "1986"]
[BlackElo "1785"]
[PlyCount "53"]
[EventDate "2024.05.13"]
[EventType "swiss"]
[EventRounds "7"]
[EventCountry "ESP"]
[SourceTitle "Ajedrez en Madrid"]
[Source "lmi"]
[SourceDate "2024.05.13"]
[SourceVersion "1"]
[SourceVersionDate "2024.05.25"]
[SourceQuality "1"]

1. e4 c5 2. Nf3 e6 3. d4 cxd4 4. Nxd4 a6 5. Nc3 Qc7 6. g3 b5 7. Bg2 Bb7 8. O-O
Nf6 9. Re1 d6 10. a4 b4 11. Na2 e5 12. Nf5 g6 13. Bg5 Nh5 14. Nxb4 a5 15. Nd5
Bxd5 16. exd5 h6 17. Bd2 gxf5 18. Qxh5 Qxc2 19. Rac1 Qxd2 20. Rc8+ Ke7 21. Rec1
Nd7 22. R8c7 Qg5 23. Qe2 Bg7 24. f4 Qf6 25. Rxd7+ Kxd7 26. Qb5+ Ke7 27. Qb7+
1-0

[Event "Madrid ch Superveteranos 2023-2024"]
[Site "Madrid ESP"]
[Date "2024.05.14"]
[Round "2.3"]
[White "Martinez De La Puente, Ignacio"]
[Black "Pastor Alonso De Prado, Alberto"]
[Result "0-1"]
[WhiteElo "1778"]
[BlackElo "1980"]
[PlyCount "64"]
[EventDate "2024.05.13"]
[EventType "swiss"]
[EventRounds "7"]
[EventCountry "ESP"]
[SourceTitle "Ajedrez en Madrid"]
[Source "lmi"]
[SourceDate "2024.05.13"]
[SourceVersion "1"]
[SourceVersionDate "2024.05.25"]
[SourceQuality "1"]

1. d4 d5 2. c4 e6 3. Nc3 Nf6 4. Bf4 Be7 5. e3 O-O 6. cxd5 Nxd5 7. Nxd5 Qxd5 8.
Ne2 Qa5+ 9. Nc3 c5 10. Qa4 Qxa4 11. Nxa4 cxd4 12. exd4 Nc6 13. Rd1 Rd8 14. d5
exd5 15. Be2 Bf5 16. Bd3 Bb4+ 17. Kf1 Be6 18. a3 Be7 19. Nc3 a6 20. h4 Rac8 21.
g3 Na5 22. Kg1 Bxa3 23. Na4 Bd6 24. Be3 Nc4 25. Bc1 Ne5 26. Be2 d4 27. f4 d3
28. fxe5 dxe2 29. Re1 Bb4 30. Nc3 Bxc3 31. bxc3 Rxc3 32. Kf2 Bg4 0-1

[Event "Madrid ch Superveteranos 2023-2024"]
[Site "Madrid ESP"]
[Date "2024.05.14"]
[Round "2.4"]
[White "Gonzalez Rivera, Eduardo"]
[Black "Garcia Esteban, Ignacio"]
[Result "1-0"]
[WhiteElo "1965"]
[BlackElo "1772"]
[PlyCount "33"]
[EventDate "2024.05.13"]
[EventType "swiss"]
[EventRounds "7"]
[EventCountry "ESP"]
[SourceTitle "Ajedrez en Madrid"]
[Source "lmi"]
[SourceDate "2024.05.13"]
[SourceVersion "1"]
[SourceVersionDate "2024.05.25"]
[SourceQuality "1"]

1. e4 e5 2. Nf3 Nc6 3. Bc4 Be7 4. d4 exd4 5. Nxd4 Ne5 6. Bb3 Nf6 7. f4 Nc6 8.
e5 Ng8 9. Nf5 d5 10. Nxg7+ Kf8 11. Nh5 Be6 12. O-O Qd7 13. Ng3 Nh6 14. Qh5 Nf5
15. Nxf5 Bxf5 16. Nc3 Be4 17. Nxe4 1-0

[Event "Madrid ch Superveteranos 2023-2024"]
[Site "Madrid ESP"]
[Date "2024.05.14"]
[Round "2.5"]
[White "Marcos Medina, Alejandro"]
[Black "Martin Martin, Luis Vicente"]
[Result "0-1"]
[WhiteElo "1766"]
[BlackElo "1953"]
[PlyCount "60"]
[EventDate "2024.05.13"]
[EventType "swiss"]
[EventRounds "7"]
[EventCountry "ESP"]
[SourceTitle "Ajedrez en Madrid"]
[Source "lmi"]
[SourceDate "2024.05.13"]
[SourceVersion "1"]
[SourceVersionDate "2024.05.25"]
[SourceQuality "1"]

1. e4 c5 2. d3 g6 3. g3 Bg7 4. Bg2 Nc6 5. Nf3 Nf6 6. c4 O-O 7. O-O e6 8. Nc3 d5
9. cxd5 exd5 10. Re1 d4 11. Ne2 b6 12. b3 Bb7 13. Rb1 Qd7 14. Nf4 Rae8 15. Bb2
h6 16. Bh3 Qc7 17. Nd2 Ne5 18. Nc4 Nxc4 19. bxc4 Nd7 20. Nd5 Qd8 21. f4 Nf6 22.
Nxf6+ Qxf6 23. e5 Qc6 24. Re4 f5 25. exf6 Rxe4 26. dxe4 Qxe4 27. Be6+ Qxe6 28.
fxg7 Qe3+ 29. Kf1 Kxg7 30. Bc1 Qe4 0-1

[Event "Madrid ch Superveteranos 2023-2024"]
[Site "Madrid ESP"]
[Date "2024.05.14"]
[Round "2.6"]
[White "Perez Agusti, Luis"]
[Black "Olmedo Camacho, Jose"]
[Result "0-1"]
[WhiteElo "1928"]
[BlackElo "1750"]
[PlyCount "72"]
[EventDate "2024.05.13"]
[EventType "swiss"]
[EventRounds "7"]
[EventCountry "ESP"]
[SourceTitle "Ajedrez en Madrid"]
[Source "lmi"]
[SourceDate "2024.05.13"]
[SourceVersion "1"]
[SourceVersionDate "2024.05.25"]
[SourceQuality "1"]

1. d4 Nf6 2. Nf3 d6 3. Bf4 g6 4. e3 Bg7 5. Be2 O-O 6. O-O Re8 7. h3 Nbd7 8. c3
b6 9. Nbd2 Bb7 10. Bh2 Rc8 11. Qa4 a5 12. Rfd1 e6 13. b4 axb4 14. cxb4 e5 15.
dxe5 dxe5 16. Rac1 Bd5 17. Bc4 c6 18. Qc2 e4 19. Ne1 Qe7 20. a3 b5 21. Bf1 c5
22. Bxb5 cxb4 23. Qxc8 Rxc8 24. Rxc8+ Bf8 25. a4 b3 26. g4 g5 27. f3 Qb4 28.
fxe4 Nxe4 29. Nd3 Qe7 30. Nc4 Ndc5 31. Nde5 Nc3 32. Rd2 N5e4 33. Rb2 Nxb5 34.
axb5 Qb4 35. Nd3 Qxb5 36. Nde5 Qa6 0-1

[Event "Madrid ch Superveteranos 2023-2024"]
[Site "Madrid ESP"]
[Date "2024.05.14"]
[Round "2.7"]
[White "Perez Pascual, Arturo"]
[Black "Samaniego Bordiu, Gonzalo"]
[Result "1-0"]
[WhiteElo "1756"]
[BlackElo "1881"]
[PlyCount "61"]
[EventDate "2024.05.13"]
[EventType "swiss"]
[EventRounds "7"]
[EventCountry "ESP"]
[SourceTitle "Ajedrez en Madrid"]
[Source "lmi"]
[SourceDate "2024.05.13"]
[SourceVersion "1"]
[SourceVersionDate "2024.05.25"]
[SourceQuality "1"]

1. e4 e6 2. d4 d5 3. Nd2 Nf6 4. e5 Nfd7 5. f4 c5 6. c3 Nc6 7. Ndf3 Qb6 8. Ne2
Be7 9. g3 O-O 10. Bh3 cxd4 11. Nexd4 Nxd4 12. cxd4 f6 13. O-O fxe5 14. fxe5
Rxf3 15. Qxf3 Nxe5 16. Qe3 Nc4 17. Qf2 Bf6 18. Rd1 Bd7 19. b3 Nd6 20. Bg2 Rf8
21. Bf4 Nb5 22. Be3 Qd8 23. Qd2 Nd6 24. Bf4 Nf5 25. Qb4 a5 26. Qc5 b6 27. Qc3
Qe7 28. Rac1 Rc8 29. Qxc8+ Bxc8 30. Rxc8+ Kf7 31. Rc7 1-0

[Event "Madrid ch Superveteranos 2023-2024"]
[Site "Madrid ESP"]
[Date "2024.05.14"]
[Round "2.8"]
[White "Corredor Gonzalez, Angel L."]
[Black "Camarero Izquierdo, Juan Carlos"]
[Result "0-1"]
[WhiteElo "1845"]
[BlackElo "1725"]
[PlyCount "73"]
[EventDate "2024.05.13"]
[EventType "swiss"]
[EventRounds "7"]
[EventCountry "ESP"]
[SourceTitle "Ajedrez en Madrid"]
[Source "lmi"]
[SourceDate "2024.05.13"]
[SourceVersion "1"]
[SourceVersionDate "2024.05.25"]
[SourceQuality "1"]

1. e4 c5 2. Nc3 e6 3. f4 a6 4. Nf3 d6 5. a4 Bd7 6. Bc4 Qc7 7. O-O Nc6 8. d3 Nf6
9. e5 dxe5 10. fxe5 Nxe5 11. Nxe5 Qxe5 12. Bf4 Qd4+ 13. Kh1 Bc6 14. Qe2 Qd7 15.
Rad1 b5 16. axb5 axb5 17. Bb3 Bd6 18. Bxd6 Qxd6 19. Ne4 Nxe4 20. dxe4 Qe5 21.
c3 O-O 22. Bc2 f5 23. Qh5 Rf6 24. h3 Rh6 25. Qg5 Rf8 26. Rd8 Rhf6 27. Rfd1 h6
28. Qh5 Bxe4 29. Bxe4 Qxe4 30. Rxf8+ Rxf8 31. Qg6 Ra8 32. Kh2 Qe2 33. Rd7 Qe5+
34. Kg1 Ra1+ 35. Kf2 Qf4+ 36. Ke2 Qf1+ 37. Ke3 0-1

[Event "Madrid ch Superveteranos 2023-2024"]
[Site "Madrid ESP"]
[Date "2024.05.14"]
[Round "2.9"]
[White "Martin-Consuegra Barrilero, Javi"]
[Black "Santiago Jimenez, Ramon"]
[Result "1-0"]
[WhiteElo "1827"]
[BlackElo "1663"]
[PlyCount "85"]
[EventDate "2024.05.13"]
[EventType "swiss"]
[EventRounds "7"]
[EventCountry "ESP"]
[SourceTitle "Ajedrez en Madrid"]
[Source "lmi"]
[SourceDate "2024.05.13"]
[SourceVersion "1"]
[SourceVersionDate "2024.05.25"]
[SourceQuality "1"]

1. d4 d5 2. Bf4 c5 3. e3 cxd4 4. exd4 Bf5 5. c3 Nc6 6. Nd2 Nf6 7. Be2 e6 8.
Ngf3 h6 9. Qb3 Qd7 10. Ne5 Qc8 11. O-O Be7 12. Rfe1 O-O 13. Nd3 a6 14. a4 Na5
15. Qd1 Rd8 16. Bg3 Ne4 17. Nxe4 dxe4 18. Ne5 Bf6 19. Ng4 Be7 20. Ne3 Bh7 21.
b4 Nc6 22. Qb3 Bg5 23. Nc4 b5 24. Nb6 bxa4 25. Rxa4 Qb7 26. Nxa8 Rxa8 27. Rea1
a5 28. b5 Qb6 29. Qc4 Ne7 30. Qc5 Nd5 31. Qxb6 Nxb6 32. Rxa5 Rxa5 33. Rxa5 Bg6
34. c4 f5 35. Bc7 Nd7 36. b6 Bd2 37. Ra8+ Kh7 38. b7 f4 39. b8=Q Nxb8 40. Bxb8
Bf5 41. Be5 g5 42. Bh5 e3 43. Rh8# 1-0

[Event "Madrid ch Superveteranos 2023-2024"]
[Site "Madrid ESP"]
[Date "2024.05.14"]
[Round "2.11"]
[White "Perez Molero, Jose Ignacio"]
[Black "Garcia Galeote, Lorenzo"]
[Result "0-1"]
[WhiteElo "1682"]
[BlackElo "1905"]
[PlyCount "80"]
[EventDate "2024.05.13"]
[EventType "swiss"]
[EventRounds "7"]
[EventCountry "ESP"]
[SourceTitle "Ajedrez en Madrid"]
[Source "lmi"]
[SourceDate "2024.05.13"]
[SourceVersion "1"]
[SourceVersionDate "2024.05.25"]
[SourceQuality "1"]

1. d4 d6 2. c4 g6 3. Nc3 Bg7 4. Nf3 Nc6 5. h3 f5 6. Bg5 h6 7. Bd2 Nf6 8. d5 Ne5
9. Nxe5 dxe5 10. Qc2 O-O 11. O-O-O a6 12. g4 b5 13. gxf5 b4 14. Ne4 Nxe4 15.
Qxe4 Bxf5 16. Qh4 Qe8 17. b3 g5 18. Qg3 a5 19. Bg2 Qg6 20. h4 a4 21. h5 Qh7 22.
Bxb4 axb3 23. Qxb3 Rfb8 24. d6 exd6 25. Bxa8 Rxa8 26. c5+ Kh8 27. cxd6 cxd6 28.
Rxd6 Bf8 29. Rb6 Qc7+ 30. Bc3 Ra3 31. Rb7 Rxb3 32. Rxc7 Rb1+ 33. Kd2 Rxh1 34.
Bxe5+ Kg8 35. a4 Rxh5 36. a5 Bb4+ 37. Bc3 Bxc3+ 38. Kxc3 Rh1 39. Kb2 Rb1+ 40.
Ka2 Rb5 0-1

[Event "Madrid ch Superveteranos 2023-2024"]
[Site "Madrid ESP"]
[Date "2024.05.14"]
[Round "2.13"]
[White "Mauriello, Nunzio"]
[Black "Estrada Martinez, Cesar"]
[Result "1-0"]
[WhiteElo "1726"]
[BlackElo "1867"]
[PlyCount "53"]
[EventDate "2024.05.13"]
[EventType "swiss"]
[EventRounds "7"]
[EventCountry "ESP"]
[SourceTitle "Ajedrez en Madrid"]
[Source "lmi"]
[SourceDate "2024.05.13"]
[SourceVersion "1"]
[SourceVersionDate "2024.05.25"]
[SourceQuality "1"]

1. d4 d5 2. Bf4 e6 3. e3 Bd6 4. Bg3 Nf6 5. Nd2 O-O 6. Bd3 c5 7. c3 Nc6 8. Ngf3
Re8 9. Ne5 Qc7 10. Ndf3 Ne4 11. Qc2 f5 12. Bb5 cxd4 13. Bxc6 bxc6 14. exd4 Ba6
15. Nd3 c5 16. Bxd6 Qxd6 17. O-O cxd4 18. cxd4 Rac8 19. Qd1 Qb6 20. Rb1 Rc4 21.
Nde5 Rb4 22. Nd3 Bxd3 23. Qxd3 Rxb2 24. a3 Rb8 25. Rbc1 Rb3 26. Qd1 Rxa3 27.
Ne5 1-0

[Event "Madrid ch Superveteranos 2023-2024"]
[Site "Madrid ESP"]
[Date "2024.05.14"]
[Round "2.14"]
[White "Conchillo Roman, Jose Ignacio"]
[Black "Lopez Heras, Arturo"]
[Result "1-0"]
[WhiteElo "1672"]
[BlackElo "1841"]
[PlyCount "59"]
[EventDate "2024.05.13"]
[EventType "swiss"]
[EventRounds "7"]
[EventCountry "ESP"]
[SourceTitle "Ajedrez en Madrid"]
[Source "lmi"]
[SourceDate "2024.05.13"]
[SourceVersion "1"]
[SourceVersionDate "2024.05.25"]
[SourceQuality "1"]

1. e4 c5 2. Nf3 g6 3. d4 cxd4 4. Nxd4 Bg7 5. Nc3 Nc6 6. Be3 d6 7. Qd2 Nf6 8. f3
O-O 9. O-O-O a6 10. g4 Ne5 11. h4 h5 12. Nd5 Nxd5 13. exd5 hxg4 14. fxg4 Bxg4
15. Be2 Bxe2 16. Qxe2 Qa5 17. Kb1 Qxd5 18. Nf5 Qe6 19. Nxg7 Kxg7 20. h5 Rh8 21.
Bd4 Rac8 22. hxg6 fxg6 23. Qe4 Rxh1 24. Qxh1 Qf5 25. Bc3 Rc7 26. Rf1 Qe6 27.
Qf3 Qf5 28. Qh1 Qc8 29. Qd5 Qg8 30. Bxe5+ 1-0

[Event "Madrid ch Superveteranos 2023-2024"]
[Site "Madrid ESP"]
[Date "2024.05.14"]
[Round "2.15"]
[White "Jimenez Jimenez, Jose Luis"]
[Black "Martinez Miura, Enrique"]
[Result "1-0"]
[WhiteElo "1835"]
[BlackElo "1703"]
[PlyCount "55"]
[EventDate "2024.05.13"]
[EventType "swiss"]
[EventRounds "7"]
[EventCountry "ESP"]
[SourceTitle "Ajedrez en Madrid"]
[Source "lmi"]
[SourceDate "2024.05.13"]
[SourceVersion "1"]
[SourceVersionDate "2024.05.25"]
[SourceQuality "1"]

1. e4 e6 2. d4 d5 3. Nd2 dxe4 4. Nxe4 Nd7 5. Nf3 Be7 6. Bd3 Ngf6 7. Ng3 O-O 8.
O-O b6 9. Bf4 Bb7 10. c4 c5 11. dxc5 Nxc5 12. Be2 Qc8 13. Qc2 Rd8 14. Rad1 Rxd1
15. Rxd1 Qe8 16. Ne5 Rd8 17. Bf3 Bxf3 18. Nxf3 Rxd1+ 19. Qxd1 h6 20. Ne5 Bf8
21. b4 Nce4 22. b5 Bc5 23. Be3 Bxe3 24. fxe3 Nxg3 25. hxg3 Ne4 26. Kh2 f6 27.
Nc6 Qg6 28. Ne7+ 1-0

[Event "Madrid ch Superveteranos 2023-2024"]
[Site "Madrid ESP"]
[Date "2024.05.14"]
[Round "2.16"]
[White "Calle Trueba, Jose Antonio"]
[Black "Barahona Torrijos, Angel"]
[Result "1/2-1/2"]
[WhiteElo "1633"]
[BlackElo "1828"]
[PlyCount "51"]
[EventDate "2024.05.13"]
[EventType "swiss"]
[EventRounds "7"]
[EventCountry "ESP"]
[SourceTitle "Ajedrez en Madrid"]
[Source "lmi"]
[SourceDate "2024.05.13"]
[SourceVersion "1"]
[SourceVersionDate "2024.05.25"]
[SourceQuality "1"]

1. e4 e5 2. Nf3 Nc6 3. Bc4 Nf6 4. Ng5 d5 5. exd5 b5 6. Bf1 Nd4 7. c3 Nxd5 8.
cxd4 Qxg5 9. Bxb5+ Bd7 10. Bxd7+ Kxd7 11. O-O exd4 12. d3 Qf5 13. Qa4+ c6 14.
Qxd4 Bd6 15. Nc3 Be5 16. Qe4 Qh5 17. g3 Nxc3 18. bxc3 Rhe8 19. Qc4 g5 20. Rb1
Rab8 21. Be3 Rxb1 22. Rxb1 Rb8 23. Rxb8 Bxb8 24. Qd4+ Kc8 25. Kg2 g4 26. Qc5
1/2-1/2